00173nam a2200085Ia 4500008004100000041000800041100001600049245001300065260000900078230508s1997 xx 000 0 und d aeng aKANITKAR Y. aLET US C c1997